000 00502nam a2200169 4500
008 171115b xxu||||| |||| 00| 0 eng d
020 _a0-8038-8715-3
082 _21994
_aDC 364
_bF98
245 _aThe Futures of criminology/
_cedited by David Nelken.
260 _aLondon:
_bSage Publications,
_c©1994
300 _avi, 249 pages:
_bIllustrations;
_c23 cm.
500 _aIncludes index.
650 0 _923359
_aCrime.
700 _923360
_aNelken, David, (Ed).
365 _b1767
_cPhp
942 _2ddc
_cDC
999 _c7753
_d7753